Normal view
MARC view
Entry Topical Term
001 - CONTROL NUMBER
- control field: 12700
003 - CONTROL NUMBER IDENTIFIER
- control field: OSt
005 - DATE AND TIME OF LATEST TRANSACTION
- control field: 20181003130038.0
008 - FIXED-LENGTH DATA ELEMENTS
- fixed length control field: 181003|| aca||aabn | a|a d
040 ## - CATALOGING SOURCE
- Original cataloging agency: OSt
- Transcribing agency: OSt
150 ## - HEADING--TOPICAL TERM
- Topical term or geographic name entry element: Pharmacy practice
670 ## - SOURCE DATA FOUND
- Source citation: Work cat.: (OSt): Edited by Azzopardi, Lilian M. 11856, Lecture Notes in Pharmacy Practice
